Photoshop 7 down & dirty tricks

Αποθηκεύτηκε σε:
Λεπτομέρειες βιβλιογραφικής εγγραφής
Κύριος συγγραφέας: Kelby, Scott
Μορφή: Βιβλίο
Γλώσσα:English
Δημοσίευση: Indianapolis, Ind. : New Riders Publishing, c2002
Θέματα:
Ετικέτες: Προσθήκη ετικέτας
Δεν υπάρχουν, Καταχωρήστε ετικέτα πρώτοι!

MARC

LEADER 00000nam a2200000 i 4500
001 1/45292
008 031125s2002 eng d
020 |a 0-7357-1237-9 
035 |l 10071699 
040 |a GR-MY-UA  |b gre  |e aacr 
041 0 |a eng 
082 0 |a 006.6869  |2 (21) 
100 1 |a Kelby, Scott. 
245 1 0 |a Photoshop 7 down & dirty tricks /  |c Scott Kelby 
260 |a Indianapolis, Ind. :   |b New Riders Publishing,   |c c2002 
300 |a xi, 279 σ.;  |b εγχρ. εικ.;  |c 26 εκ. 
504 |a Περιέχει βιβλιογραφία 
650 0 0 |a Computer graphics. 
852 |a INST  |b LESVOS  |e 20031125  |h 006.6869 KEL  |p 005100030980  |q 005100030980  |t BK  |y 0 
901 |a BIBL1-2003-3 
909 |a Λ  |b 107038 
922 |a 1ΕΛΗ  |b 200311  |c ΤΑΚ/ΚΥΒ  |d LEADER 
950 |a 023-2003-06-11 
970 |a ΤΖΑΦΕΡΗ  |b ΕΥΑΓΓΕΛΙΑ  |z 2003/11/26